000
00327nam a2200145Ia 4500
008
191201s2006 xx 000 0 und d
082
_a
539
_b
BEC
100
_a
BEISER, Arthur
245
0
_a
Concept of Modern Physics
250
_a
6th
260
_a
N.Delhi
_b
TMH
_c
2006
300
_a
542
650
_a
Applied
942
_2
ddc
_c
BK
999
_c
1373
_d
1373